| 000 | 00000nam##2200000za#4500 |
| 001 | 9.658310 |
| 003 | CaOODSP |
| 005 | 20200401063039 |
| 007 | ta |
| 008 | 150407|1996||||xxc||||| f|0| 0 fre|d |
| 020 | |a0-662-62248-0 |
| 040 | |aCaOODSP|bfre |
| 041 | |aeng |
| 041 | |afre |
| 043 | |an-cn--- |
| 086 | 1 |aSE1-5/1-1993 |
| 110 | 1 |aCanada.|bÉlections Canada. |bDirecteur général des élections du Canada. |
| 245 | 13|aLe système électoral du Canada: consolider les assises : |bannexe du rapport du Directeur général des élections du Canada sur la 35e élection générale / |cPublié par le Directeur général des élections du Canada. |
| 260 | |aOttawa - Ontario : |bÉlections Canada. |c1996. |
| 300 | |aTexte français, vii, 100p. : |bréférences ; |c28 cm. |
| 500 | |a«Ce rapport à l'intention des parlementaires passe en revue de la Loi électorale du Canada, en mettant l'accent sur les dispositions qu'il importe de mettre à jour.»--Introduction. Données de catalogage avant publication (Canada) imprimées dans ces publications. |
| 520 | 3 |aCe rapport à l'intention des parlementaires passe en revue de la Loi électorale du Canada, en mettant l'accent sur les dispositions qu'il importe de mettre à jour.--Introduction |
| 546 | |aBilingue |
| 563 | |aCouverture souple |
| 590 | |a96-16|b1996-04-19 |
| 691 | 07|aSystème électoral|2gcpds |
| 776 | 0#|tLe système électoral du Canada - consolider les assises : |w(CaOODSP)9.641801 |
| 776 | 0#|tCanada's electoral system - strengthening the foundation : |w(CaOODSP)9.697797 |
| 791 | |tCanada's electoral system: strengthening the foundation : |eeng|w(CaOODSP)9.658309 |